000 00200 a2200097 4500
001 35182
100 _aA H M
245 _aMeerat-ul-Aroous
260 _aLahore
_bFeroz Sons
_c
090 _c23326
_d23326
942 _aNUST-CAE
_cM
_c14810
999 _c270255
_d270255